Webbots Spiders And Screen Scrapers (Record no. 356628)

MARC details
000 -LEADER
fixed length control field 00434 a2200157 4500
005 - DATE AND TIME OF LATEST TRANSACTION
control field 20240830131949.0
008 - FIXED-LENGTH DATA ELEMENTS--GENERAL INFORMATION
fixed length control field 240830b |||||||| |||| 00| 0 eng d
020 ## - INTERNATIONAL STANDARD BOOK NUMBER
International Standard Book Number 9781593273972
041 ## - LANGUAGE CODE
Language code of text/sound track or separate title eng
100 ## - MAIN ENTRY--PERSONAL NAME
Author Schrenk Michael
245 ## - TITLE STATEMENT
Title Webbots Spiders And Screen Scrapers
Remainder of title Guide to Developing Internet Agents with PHP/CURL
250 ## - EDITION STATEMENT
Edition statement 2nd ed.
260 ## - PUBLICATION, DISTRIBUTION, ETC.
Name of publisher, distributor, etc. No Starch Press
Date of publication, distribution, etc. 2012
300 ## - PHYSICAL DESCRIPTION
Extent 362
942 ## - ADDED ENTRY ELEMENTS (KOHA)
Koha item type Books
Holdings
Withdrawn status Lost status Source of classification or shelving scheme Damaged status Not for loan Home library Current library Date acquired Vendor Net Price Total Checkouts Full call number Barcode Date last seen Actual Price Bill Date Koha item type
    Dewey Decimal Classification     Cummins College of Engineering for Women Pune Cummins College of Engineering for Women Pune 09/12/2023 155 2594.75   006.3 SCH CCEP-BK-65816 09/12/2023 3459.67 09/12/2023 Books